[Event "DVM U14 2018"]
[Site "Magdeburg GER"]
[Date "2018.12.28"]
[Round "4"]
[White "Lauterbach, Kolja"]
[Black "Schuh, Robert"]
[Result "1-0"]
[Termination "normal"]
[Board "9.1"]
[WhiteElo "1678"]
[BlackElo "1512"]
[WhiteTeam "SK Freiburg-Zähringen"]
[BlackTeam "FVS ASP Hoyerswerda"]
[PlyCount "120"]
[WhiteFideId "16235916"]
[BlackFideId "16215990"]
[EventCountry "GER"]
[EventRounds "7"]
[EventType "team-swiss"]
[EventDate "2018.12.26"]

1. e4 d6 2. d4 Nf6 3. Nc3 g6 4. Nf3 Bg7 5. Bc4 O-O 6. O-O Bg4 7. h3 Bxf3 8.
Qxf3 e5 9. dxe5 dxe5 10. Bg5 c6 11. Rad1 Qe7 12. Rd2 Rd8 13. Rfd1 Rxd2 14. Rxd2
h6 15. Be3 Nbd7 16. Qg3 Kh7 17. Qh4 Nb6 18. Bb3 Re8 19. f3 Nc8 20. Qf2 b6 21.
Ba4 Qb7 22. Qe2 Re7 23. Nb1 Rd7 24. Na3 b5 25. Bb3 Kg8 26. Qf2 Rxd2 27. Qxd2
Qd7 28. Bxh6 Bxh6 29. Qxh6 Ne7 30. Qg5 Qd6 31. c4 Kg7 32. Kh2 a6 33. Qe3 b4 34.
c5 Qc7 35. Nc4 Nc8 36. Qg5 Nd7 37. Ne3 Kf8 38. Qh6+ Ke8 39. Qg7 Nf8 40. Ng4 Qe7
41. Nxe5 Ne6 42. Qg8+ Qf8 43. Qxf8+ Nxf8 44. Bxf7+ Ke7 45. Bc4 Na7 46. f4 a5
47. g4 Kf6 48. h4 Kg7 49. f5 gxf5 50. exf5 Kf6 51. Nf3 Nd7 52. Be6 Nxc5 53. g5+
Kg7 54. f6+ Kf8 55. Bc4 Ne4 56. Ne5 Nd6 57. Be6 Nab5 58. g6 Ke8 59. g7 Kd8 60.
g8=Q+ Ne8 1-0

[Event "DVM U14 2018"]
[Site "Magdeburg GER"]
[Date "2018.12.28"]
[Round "4"]
[White "Wende, Hugo"]
[Black "Straub, Benno"]
[Result "0-1"]
[Termination "normal"]
[Board "9.2"]
[WhiteElo "1573"]
[BlackElo "1560"]
[WhiteTeam "FVS ASP Hoyerswerda"]
[BlackTeam "SK Freiburg-Zähringen"]
[PlyCount "80"]
[WhiteFideId "16220030"]
[BlackFideId "16255488"]
[EventCountry "GER"]
[EventRounds "7"]
[EventType "team-swiss"]
[EventDate "2018.12.26"]

1. d4 d5 2. c4 c6 3. Nc3 Nf6 4. Nf3 Bf5 5. Bg5 e6 6. e3 h6 7. Bh4 Nbd7 8. cxd5
exd5 9. Bd3 Bxd3 10. Qxd3 Qb6 11. Rb1 Bd6 12. Bxf6 Nxf6 13. O-O O-O 14. a3 Rfe8
15. b4 a6 16. Rfe1 Ne4 17. Nd2 f5 18. f3 Nxc3 19. Qxc3 Qc7 20. Nf1 Re6 21. a4
b5 22. a5 Qe7 23. Nd2 Re8 24. Nf1 f4 25. e4 dxe4 26. fxe4 Rxe4 27. Rxe4 Qxe4
28. Rc1 Rc8 29. Qb3+ Kh7 30. d5 c5 31. bxc5 Rxc5 32. Rd1 Rc2 33. Qh3 b4 34. Rd3
Rc1 35. Qf3 Bc5+ 36. Kh1 Qxf3 37. Rxf3 b3 38. h3 b2 39. Kh2 b1=Q 40. Nd2 Rh1#
0-1

[Event "DVM U14 2018"]
[Site "Magdeburg GER"]
[Date "2018.12.28"]
[Round "4"]
[White "Tolstorukova, Amelie"]
[Black "Schuh, Ramon"]
[Result "0-1"]
[Termination "normal"]
[Board "9.3"]
[WhiteElo "1174"]
[BlackElo "1307"]
[WhiteTeam "SK Freiburg-Zähringen"]
[BlackTeam "FVS ASP Hoyerswerda"]
[PlyCount "68"]
[WhiteFideId "16255496"]
[BlackFideId "16215982"]
[EventCountry "GER"]
[EventRounds "7"]
[EventType "team-swiss"]
[EventDate "2018.12.26"]

1. e4 d6 2. d4 Nf6 3. Nc3 g6 4. Nf3 Bg7 5. Bc4 O-O 6. O-O a6 7. a4 Nc6 8. h3 e5
9. dxe5 dxe5 10. Be3 Qe7 11. Qc1 Be6 12. Nd5 Bxd5 13. Bxd5 Nxd5 14. exd5 Nb4
15. Rd1 Rad8 16. Qd2 Nxd5 17. Qc1 Nxe3 18. Qxe3 Kh8 19. Re1 Rfe8 20. Re2 f5 21.
g3 Rd7 22. Rae1 e4 23. Nd2 Red8 24. f3 Bd4 25. Nc4 Bxe3+ 26. Rxe3 Rd1 27. fxe4
Rxe1+ 28. Rxe1 Qc5+ 29. Ne3 fxe4 30. h4 Rd2 31. Kh1 b5 32. axb5 axb5 33. Nf1
Qf2 34. Nxd2 Qxe1+ 0-1

[Event "DVM U14 2018"]
[Site "Magdeburg GER"]
[Date "2018.12.28"]
[Round "4"]
[White "Friedrich, Eddie"]
[Black "Trimpin, Fynn"]
[Result "1-0"]
[Termination "normal"]
[Board "9.4"]
[WhiteElo "1142"]
[BlackElo "1190"]
[WhiteTeam "FVS ASP Hoyerswerda"]
[BlackTeam "SK Freiburg-Zähringen"]
[PlyCount "69"]
[WhiteFideId "16274946"]
[BlackFideId "16255500"]
[EventCountry "GER"]
[EventRounds "7"]
[EventType "team-swiss"]
[EventDate "2018.12.26"]

1. e4 e5 2. Nf3 Nc6 3. Bc4 Nf6 4. d3 Bc5 5. Bg5 h6 6. Bh4 d6 7. Nc3 Bg4 8. Nd5
a6 9. Bxf6 gxf6 10. c3 b5 11. Bb3 b4 12. O-O h5 13. Ba4 Bd7 14. Nd2 Rh6 15. Nb3
Ne7 16. Nxc5 dxc5 17. Bxd7+ Qxd7 18. Nxe7 Kxe7 19. Qd2 Rg6 20. cxb4 Rag8 21. g3
h4 22. Kg2 h3+ 23. Kh1 f5 24. Qc3 Kd8 25. Qxe5 fxe4 26. Qxe4 Qc8 27. bxc5 Rg4
28. Qd5+ Ke8 29. c6 Kf8 30. Rfe1 Qb8 31. Re2 Qb6 32. Rae1 R8g5 33. Qf3 Qa5 34.
Re7 Rg7 35. Re8# 1-0

[Event "DVM U14 2018"]
[Site "Magdeburg GER"]
[Date "2018.12.28"]
[Round "4"]
[White "Gallasch, Jonas"]
[Black "Schröter, Christopher"]
[Result "1/2-1/2"]
[Termination "normal"]
[Board "10.1"]
[WhiteElo "2101"]
[BlackElo "1453"]
[WhiteTeam "SG Porz"]
[BlackTeam "1. SC Anhalt"]
[PlyCount "99"]
[WhiteFideId "16222474"]
[BlackFideId "16274970"]
[EventCountry "GER"]
[EventRounds "7"]
[EventType "team-swiss"]
[EventDate "2018.12.26"]

1. d4 d5 2. c4 e6 3. Nc3 Nf6 4. Nf3 Nbd7 5. cxd5 exd5 6. Bf4 Bb4 7. e3 O-O 8.
Bd3 b6 9. O-O Bxc3 10. bxc3 c5 11. c4 Bb7 12. Qe2 Re8 13. Rfd1 Qc8 14. Rac1 h6
15. Bf5 Ba6 16. Ne5 Qb7 17. Nxd7 Nxd7 18. Bxh6 Nf6 19. Bg5 Bxc4 20. Qf3 Qe7 21.
Bb1 Rac8 22. h4 Red8 23. Bxf6 Qxf6 24. Qxf6 gxf6 25. Bf5 Rc7 26. dxc5 Rxc5 27.
a3 b5 28. Rd4 Rc6 29. Rg4+ Kh8 30. Kh2 Ra6 31. Rc3 Rad6 32. e4 d4 33. Rcg3 Be6
34. Bxe6 Rxe6 35. Rd3 a5 36. Rf4 b4 37. axb4 axb4 38. Rf5 Rxe4 39. Rb5 Rxh4+
40. Kg3 Re4 41. Rxb4 Kg7 42. f3 Re5 43. Rdxd4 Rxd4 44. Rxd4 Rg5+ 45. Rg4 Kg6
46. Kf4 Kh5 47. Rxg5+ fxg5+ 48. Kf5 Kh4 49. g4 Kg3 50. Kxg5 1/2-1/2

[Event "DVM U14 2018"]
[Site "Magdeburg GER"]
[Date "2018.12.28"]
[Round "4"]
[White "Böhm, Florian"]
[Black "Sabirov, Rafael"]
[Result "0-1"]
[Termination "normal"]
[Board "10.2"]
[WhiteElo "1443"]
[BlackElo "1571"]
[WhiteTeam "1. SC Anhalt"]
[BlackTeam "SG Porz"]
[PlyCount "66"]
[WhiteFideId "16274989"]
[BlackFideId "16241185"]
[EventCountry "GER"]
[EventRounds "7"]
[EventType "team-swiss"]
[EventDate "2018.12.26"]

1. c4 e5 2. d3 Nf6 3. Nc3 c6 4. Nf3 Qc7 5. Bg5 Be7 6. g3 d6 7. Bg2 O-O 8. O-O
Be6 9. Rb1 Nbd7 10. b4 h6 11. Bxf6 Nxf6 12. b5 d5 13. bxc6 bxc6 14. Nd2 Rfd8
15. Qc2 Rac8 16. Rfd1 Bf8 17. Rb2 Nd7 18. Qb1 dxc4 19. Nxc4 Bxc4 20. dxc4 Nb6
21. Qe4 Qe7 22. Rbd2 Rxd2 23. Rxd2 Qc5 24. Rc2 Qxc4 25. Qxc4 Nxc4 26. Na4 Na5
27. Nb2 c5 28. Nd3 Bd6 29. Kf1 Kf8 30. Ke1 Ke7 31. e3 Nc6 32. Nxc5 Nd8 33. Kd2
Rxc5 0-1

[Event "DVM U14 2018"]
[Site "Magdeburg GER"]
[Date "2018.12.28"]
[Round "4"]
[White "Kogan, Gabriel"]
[Black "Lautenschläger, Friedrich"]
[Result "1/2-1/2"]
[Termination "normal"]
[Board "10.3"]
[WhiteElo "1536"]
[BlackElo "1364"]
[WhiteTeam "SG Porz"]
[BlackTeam "1. SC Anhalt"]
[PlyCount "67"]
[WhiteFideId "16238265"]
[BlackFideId "16274997"]
[EventCountry "GER"]
[EventRounds "7"]
[EventType "team-swiss"]
[EventDate "2018.12.26"]

1. e4 e5 2. Nf3 Nc6 3. Bc4 Bc5 4. c3 Nf6 5. d3 O-O 6. a4 a6 7. b4 Ba7 8. O-O d6
9. Be3 Bxe3 10. fxe3 Bg4 11. Nbd2 Ne7 12. Qb3 Qd7 13. Qc2 c6 14. d4 Ng6 15.
Rad1 b5 16. Bb3 Qe7 17. h3 Be6 18. Bxe6 Qxe6 19. a5 Nd7 20. d5 cxd5 21. exd5
Qe7 22. Qf5 Nf6 23. Ne4 Nxe4 24. Qxe4 f5 25. Qc2 e4 26. Nd4 Qg5 27. Qe2 Rf7 28.
Ne6 Qf6 29. Nd4 Ne7 30. Qd2 g6 31. Ne6 Rc8 32. Rc1 Qe5 33. Rfd1 Rc4 34. Qc2
1/2-1/2

[Event "DVM U14 2018"]
[Site "Magdeburg GER"]
[Date "2018.12.28"]
[Round "4"]
[White "Kopvillem, Mikhail"]
[Black "Kazimov, Alis"]
[Result "0-1"]
[Termination "normal"]
[Board "10.4"]
[WhiteElo "1089"]
[BlackElo "1499"]
[WhiteTeam "1. SC Anhalt"]
[BlackTeam "SG Porz"]
[PlyCount "46"]
[WhiteFideId "16275004"]
[BlackFideId "16255348"]
[EventCountry "GER"]
[EventRounds "7"]
[EventType "team-swiss"]
[EventDate "2018.12.26"]

1. b4 e5 2. Bb2 Bxb4 3. Bxe5 Nf6 4. c3 Be7 5. d4 Nc6 6. Nf3 d5 7. e3 O-O 8.
Nbd2 Bf5 9. a3 h6 10. c4 Nxe5 11. Nxe5 Nd7 12. Ndf3 Nxe5 13. Nxe5 c6 14. cxd5
cxd5 15. Qb3 Qa5+ 16. Ke2 Rac8 17. Nd3 Rc3 18. Qxb7 Bxd3+ 19. Kf3 Be4+ 20. Kg4
Bd6 21. Be2 Qd8 22. h4 Qf6 23. Qa6 Qf5# 0-1

[Event "DVM U14 2018"]
[Site "Magdeburg GER"]
[Date "2018.12.29"]
[Round "5"]
[White "Zeuner, Ole"]
[Black "Weihrauch, Jakob"]
[Result "1-0"]
[Termination "normal"]
[Board "1.1"]
[WhiteElo "1848"]
[BlackElo "2087"]
[WhiteClock "00:05:36"]
[BlackClock "00:01:07"]
[WhiteTeam "Schachzwerge Magdeburg"]
[BlackTeam "Hamburger SK"]
[PlyCount "65"]
[WhiteFideId "12943576"]
[BlackFideId "16210115"]
[EventCountry "GER"]
[EventRounds "7"]
[EventType "team-swiss"]
[EventDate "2018.12.26"]

1. e4 {[%clk 1:30:59]} c5 {[%clk 1:30:53]} 2. Nf3 {[%clk 1:31:24]} d6 {[%clk
1:31:19]} 3. d4 {[%clk 1:31:49]} cxd4 {[%clk 1:31:44]} 4. Nxd4 {[%clk 1:32:14]}
Nf6 {[%clk 1:31:59]} 5. Nc3 {[%clk 1:32:35]} a6 {[%clk 1:32:26]} 6. Be3 {[%clk
1:32:27]} e5 {[%clk 1:32:04]} 7. Nb3 {[%clk 1:32:53]} Be6 {[%clk 1:32:27]} 8.
f4 {[%clk 1:33:11]} exf4 {[%clk 1:30:23]} 9. Bxf4 {[%clk 1:33:39]} Nc6 {[%clk
1:29:17]} 10. Qe2 {[%clk 1:33:11]} Ne5 {[%clk 1:24:16]} 11. h3 {[%clk 1:27:42]}
Be7 {[%clk 1:15:34]} 12. O-O-O {[%clk 1:27:03]} Qc7 {[%clk 1:13:07]} 13. g4
{[%clk 1:22:36]} h6 {[%clk 1:07:14]} 14. Qg2 {[%clk 1:18:53]} Rc8 {[%clk
1:03:03]} 15. Kb1 {[%clk 1:17:54]} b5 {[%clk 0:58:49]} 16. Nd5 {[%clk 1:16:11]}
Bxd5 {[%clk 0:55:54]} 17. exd5 {[%clk 1:16:26]} Nfd7 {[%clk 0:53:39]} 18. Nd4
{[%clk 1:06:01]} Bf6 {[%clk 0:44:02]} 19. Bd3 {[%clk 0:56:08]} Nxd3 {[%clk
0:40:16]} 20. Rxd3 {[%clk 0:56:21]} O-O {[%clk 0:38:01]} 21. Nf5 {[%clk
0:46:43]} Ne5 {[%clk 0:25:40]} 22. Rg3 {[%clk 0:31:14]} Nc4 {[%clk 0:19:05]}
23. g5 {[%clk 0:26:50]} hxg5 {[%clk 0:19:00]} 24. Bxg5 {[%clk 0:24:34]} Bxg5
{[%clk 0:15:57]} 25. Rxg5 {[%clk 0:24:28]} g6 {[%clk 0:16:05]} 26. Rg1 {[%clk
0:12:22]} Ne5 {[%clk 0:14:42]} 27. Rh5 {[%clk 0:07:37]} Rfe8 {[%clk 0:06:03]}
28. Qd2 {[%clk 0:06:02]} f6 {[%clk 0:02:39]} 29. Qh6 {[%clk 0:04:55]} Qxc2+
{[%clk 0:01:08]} 30. Ka1 {[%clk 0:05:24]} Qc1+ {[%clk 0:01:08]} 31. Rxc1 {[%clk
0:05:51]} Rxc1+ {[%clk 0:01:36]} 32. Qxc1 {[%clk 0:06:07]} gxh5 {[%clk
0:01:07]} 33. Qh6 {[%clk 0:05:36]} 1-0

[Event "DVM U14 2018"]
[Site "Magdeburg GER"]
[Date "2018.12.29"]
[Round "5"]
[White "Kotyk, Michael"]
[Black "Stockmann, Till"]
[Result "0-1"]
[Termination "normal"]
[Board "1.2"]
[WhiteElo "2016"]
[BlackElo "1856"]
[WhiteClock "00:04:01"]
[BlackClock "00:07:01"]
[WhiteTeam "Hamburger SK"]
[BlackTeam "Schachzwerge Magdeburg"]
[PlyCount "68"]
[WhiteFideId "16214501"]
[BlackFideId "12979341"]
[EventCountry "GER"]
[EventRounds "7"]
[EventType "team-swiss"]
[EventDate "2018.12.26"]

1. d4 {[%clk 1:30:59]} Nf6 {[%clk 1:30:44]} 2. c4 {[%clk 1:31:23]} g6 {[%clk
1:30:33]} 3. Nc3 {[%clk 1:31:49]} Bg7 {[%clk 1:30:43]} 4. e4 {[%clk 1:32:18]}
d6 {[%clk 1:30:47]} 5. Be2 {[%clk 1:32:43]} O-O {[%clk 1:30:39]} 6. Be3 {[%clk
1:32:49]} e5 {[%clk 1:22:55]} 7. d5 {[%clk 1:33:12]} c6 8. g4 {[%clk 1:33:23]}
cxd5 {[%clk 1:19:03]} 9. cxd5 {[%clk 1:33:51]} Nbd7 {[%clk 1:17:40]} 10. Nh3
{[%clk 1:32:13]} Nc5 {[%clk 1:15:07]} 11. f3 {[%clk 1:32:36]} a5 {[%clk
1:12:45]} 12. Nf2 {[%clk 1:32:49]} Bd7 {[%clk 1:04:16]} 13. h4 {[%clk 1:32:47]}
h5 {[%clk 1:03:17]} 14. g5 {[%clk 1:32:51]} Ne8 {[%clk 1:02:15]} 15. Qd2 {[%clk
1:31:33]} Nc7 {[%clk 1:00:01]} 16. Nd3 {[%clk 1:03:58]} Nxd3+ {[%clk 0:54:46]}
17. Bxd3 {[%clk 1:04:22]} b5 {[%clk 0:52:30]} 18. Qf2 {[%clk 1:04:08]} b4
{[%clk 0:49:52]} 19. Ne2 {[%clk 1:04:24]} f5 {[%clk 0:46:24]} 20. Bb6 {[%clk
1:00:02]} fxe4 {[%clk 0:44:59]} 21. Bxe4 {[%clk 1:00:01]} Bf5 {[%clk 0:44:52]}
22. Bxf5 {[%clk 0:54:36]} Rxf5 {[%clk 0:44:49]} 23. Ng3 {[%clk 0:53:08]} Rf7
{[%clk 0:43:48]} 24. O-O {[%clk 0:42:07]} Qf8 {[%clk 0:41:51]} 25. Rad1 {[%clk
0:39:39]} Nb5 {[%clk 0:36:05]} 26. Ne4 {[%clk 0:39:17]} Nd4 {[%clk 0:24:49]}
27. Bxd4 {[%clk 0:33:10]} exd4 {[%clk 0:23:53]} 28. Qg3 {[%clk 0:25:15]} Be5
{[%clk 0:23:24]} 29. f4 {[%clk 0:25:27]} Rxf4 {[%clk 0:19:41]} 30. Rxf4 {[%clk
0:25:14]} Bxf4 {[%clk 0:19:58]} 31. Qh3 {[%clk 0:25:18]} Qe7 {[%clk 0:17:01]}
32. Rxd4 {[%clk 0:21:08]} Qa7 {[%clk 0:13:15]} 33. Qe6+ {[%clk 0:13:55]} Kh7
{[%clk 0:06:49]} 34. Qd7+ {[%clk 0:04:01]} Qxd7 {[%clk 0:07:01]} 0-1

[Event "DVM U14 2018"]
[Site "Magdeburg GER"]
[Date "2018.12.29"]
[Round "5"]
[White "Klaas, Heiko"]
[Black "Heutling, Elina"]
[Result "1-0"]
[Termination "normal"]
[Board "1.4"]
[WhiteElo "1718"]
[BlackElo "1742"]
[WhiteClock "00:10:27"]
[BlackClock "00:02:00"]
[WhiteTeam "Hamburger SK"]
[BlackTeam "Schachzwerge Magdeburg"]
[PlyCount "109"]
[WhiteFideId "16215940"]
[BlackFideId "16244729"]
[EventCountry "GER"]
[EventRounds "7"]
[EventType "team-swiss"]
[EventDate "2018.12.26"]

1. e4 {[%clk 1:30:58]} e5 {[%clk 1:30:55]} 2. Nf3 {[%clk 1:31:21]} Nc6 {[%clk
1:31:19]} 3. Bc4 {[%clk 1:31:32]} Bc5 {[%clk 1:31:41]} 4. c3 {[%clk 1:30:36]}
Nf6 {[%clk 1:32:00]} 5. d4 {[%clk 1:30:58]} exd4 {[%clk 1:32:21]} 6. e5 {[%clk
1:31:21]} d5 {[%clk 1:32:18]} 7. Bb5 {[%clk 1:31:20]} Ne4 {[%clk 1:32:28]} 8.
cxd4 {[%clk 1:31:43]} Bb6 {[%clk 1:32:46]} 9. Nc3 {[%clk 1:31:37]} O-O {[%clk
1:32:24]} 10. O-O {[%clk 1:30:49]} Bg4 {[%clk 1:30:34]} 11. Bxc6 {[%clk
1:26:34]} bxc6 {[%clk 1:30:10]} 12. Be3 {[%clk 1:26:18]} f6 {[%clk 1:27:59]}
13. Nxe4 {[%clk 1:21:14]} dxe4 {[%clk 1:14:48]} 14. Qb3+ {[%clk 1:20:40]} Kh8
{[%clk 1:14:49]} 15. Nd2 {[%clk 1:17:16]} Bxd4 {[%clk 1:08:13]} 16. exf6 {[%clk
1:15:42]} Qxf6 {[%clk 1:07:22]} 17. Nxe4 {[%clk 1:15:11]} Qe5 {[%clk 1:06:35]}
18. Bxd4 {[%clk 1:13:34]} Qxd4 {[%clk 1:05:05]} 19. Ng5 {[%clk 1:02:44]} Qf6
{[%clk 1:00:22]} 20. Ne4 {[%clk 0:57:40]} Qe5 {[%clk 0:53:29]} 21. Qc2 {[%clk
0:47:47]} Bf5 {[%clk 0:49:01]} 22. Rfe1 {[%clk 0:46:39]} Rab8 {[%clk 0:47:50]}
23. b3 {[%clk 0:46:19]} Rb4 {[%clk 0:46:53]} 24. f3 {[%clk 0:46:05]} Bxe4
{[%clk 0:41:34]} 25. fxe4 {[%clk 0:46:23]} Qd4+ {[%clk 0:40:22]} 26. Kh1 {[%clk
0:46:14]} Qe5 {[%clk 0:29:20]} 27. Rad1 {[%clk 0:43:44]} h6 {[%clk 0:25:39]}
28. Qxc6 {[%clk 0:41:21]} Rf4 {[%clk 0:22:42]} 29. Qg6 {[%clk 0:39:35]} Rd4
{[%clk 0:21:50]} 30. Rxd4 {[%clk 0:33:19]} Qxd4 {[%clk 0:22:07]} 31. e5 {[%clk
0:32:56]} Qf2 {[%clk 0:20:25]} 32. Qb1 {[%clk 0:28:02]} Rg4 {[%clk 0:16:18]}
33. Rg1 {[%clk 0:27:59]} Qe2 {[%clk 0:15:37]} 34. Qf5 {[%clk 0:25:09]} Re4
{[%clk 0:09:58]} 35. Qc8+ {[%clk 0:09:17]} Kh7 {[%clk 0:10:19]} 36. Qxc7 {[%clk
0:09:41]} Qxa2 {[%clk 0:09:00]} 37. Qd7 {[%clk 0:09:24]} Rxe5 {[%clk 0:05:26]}
38. Qd3+ {[%clk 0:08:18]} Kg8 {[%clk 0:04:31]} 39. Rc1 {[%clk 0:06:16]} Qe2
{[%clk 0:02:26]} 40. Qd4 {[%clk 0:01:10]} Rf5 {[%clk 0:01:14]} 41. Qxa7 {[%clk
0:29:37]} Rf2 {[%clk 0:21:37]} 42. h3 {[%clk 0:26:43]} Kh7 {[%clk 0:19:26]} 43.
Qb7 {[%clk 0:26:27]} Qe3 {[%clk 0:15:25]} 44. Rb1 {[%clk 0:20:43]} Qd3 {[%clk
0:14:09]} 45. Re1 {[%clk 0:19:00]} Rb2 {[%clk 0:12:51]} 46. b4 {[%clk 0:18:31]}
Qd2 {[%clk 0:11:48]} 47. Qe4+ {[%clk 0:15:27]} Kh8 {[%clk 0:11:10]} 48. Ra1
{[%clk 0:14:57]} Ra2 {[%clk 0:05:38]} 49. Rxa2 {[%clk 0:13:33]} Qxa2 {[%clk
0:06:03]} 50. b5 {[%clk 0:10:10]} Qa1+ {[%clk 0:05:36]} 51. Kh2 {[%clk
0:10:36]} Qf6 {[%clk 0:05:59]} 52. Qa8+ {[%clk 0:10:24]} Kh7 {[%clk 0:06:10]}
53. Qb8 {[%clk 0:10:39]} h5 {[%clk 0:02:41]} 54. b6 {[%clk 0:10:34]} h4 {[%clk
0:02:00]} 55. Qc7 {[%clk 0:10:27]} 1-0

[Event "DVM U14 2018"]
[Site "Magdeburg GER"]
[Date "2018.12.29"]
[Round "5"]
[White "Yi, Danny"]
[Black "Sulayev, Daniel"]
[Result "1/2-1/2"]
[Termination "normal"]
[Board "2.1"]
[WhiteElo "2133"]
[BlackElo "2061"]
[WhiteClock "00:12:20"]
[BlackClock "00:57:28"]
[WhiteTeam "SF 59 Kornwestheim"]
[BlackTeam "SV Empor Berlin"]
[PlyCount "57"]
[WhiteFideId "12988588"]
[BlackFideId "12977675"]
[EventCountry "GER"]
[EventRounds "7"]
[EventType "team-swiss"]
[EventDate "2018.12.26"]

1. e4 {[%clk 1:30:50]} c5 {[%clk 1:30:34]} 2. Ne2 {[%clk 1:31:02]} Nc6 {[%clk
1:30:54]} 3. Nbc3 {[%clk 1:31:11]} e5 {[%clk 1:30:54]} 4. g3 {[%clk 1:31:31]}
g6 {[%clk 1:30:46]} 5. Bg2 {[%clk 1:31:43]} Bg7 {[%clk 1:31:10]} 6. d3 {[%clk
1:31:55]} d6 {[%clk 1:31:18]} 7. O-O {[%clk 1:31:23]} Nge7 {[%clk 1:31:28]} 8.
f4 {[%clk 1:29:28]} O-O {[%clk 1:31:51]} 9. Kh1 {[%clk 1:26:44]} Be6 {[%clk
1:31:57]} 10. Be3 {[%clk 1:25:59]} Nd4 {[%clk 1:31:56]} 11. Ng1 {[%clk
1:23:40]} Qd7 {[%clk 1:30:28]} 12. Nce2 {[%clk 1:21:32]} Nxe2 {[%clk 1:27:44]}
13. Qxe2 {[%clk 1:03:15]} exf4 {[%clk 1:25:01]} 14. gxf4 {[%clk 0:56:18]} f5
{[%clk 1:23:30]} 15. c3 {[%clk 0:48:56]} Kh8 {[%clk 1:19:40]} 16. Nf3 {[%clk
0:46:26]} Nc6 {[%clk 1:16:26]} 17. Ng5 {[%clk 0:40:41]} Bg8 {[%clk 1:16:06]}
18. Qf2 {[%clk 0:38:18]} c4 {[%clk 1:10:34]} 19. d4 {[%clk 0:32:37]} fxe4
{[%clk 1:10:11]} 20. Bxe4 {[%clk 0:30:38]} Rae8 {[%clk 1:08:43]} 21. Bg2 {[%clk
0:29:13]} Ne7 {[%clk 1:06:23]} 22. Rae1 {[%clk 0:27:01]} Nf5 {[%clk 1:05:31]}
23. Bc1 {[%clk 0:26:41]} b5 {[%clk 1:04:17]} 24. Rxe8 {[%clk 0:16:36]} Rxe8
{[%clk 1:04:33]} 25. Re1 {[%clk 0:16:28]} a5 {[%clk 1:04:00]} 26. Bd2 {[%clk
0:16:16]} h6 {[%clk 1:02:39]} 27. Nf3 {[%clk 0:14:02]} Bd5 {[%clk 0:59:43]} 28.
Kg1 {[%clk 0:13:46]} Rxe1+ {[%clk 0:57:28]} 29. Qxe1 {[%clk 0:12:20]} 1/2-1/2

[Event "DVM U14 2018"]
[Site "Magdeburg GER"]
[Date "2018.12.29"]
[Round "5"]
[White "Breitzmann, Sander"]
[Black "Afonso, Nils"]
[Result "0-1"]
[Termination "normal"]
[Board "2.2"]
[WhiteElo "1845"]
[BlackElo "2012"]
[WhiteClock "00:00:55"]
[BlackClock "00:15:21"]
[WhiteTeam "SV Empor Berlin"]
[BlackTeam "SF 59 Kornwestheim"]
[PlyCount "112"]
[WhiteFideId "12987085"]
[BlackFideId "12990582"]
[EventCountry "GER"]
[EventRounds "7"]
[EventType "team-swiss"]
[EventDate "2018.12.26"]

1. e4 {[%clk 1:30:48]} c5 {[%clk 1:30:57]} 2. Nf3 {[%clk 1:31:10]} Nc6 {[%clk
1:31:25]} 3. c4 {[%clk 1:31:21]} e5 {[%clk 1:31:49]} 4. g3 {[%clk 1:31:25]} d6
{[%clk 1:32:14]} 5. Nc3 {[%clk 1:31:50]} g6 {[%clk 1:32:37]} 6. Bg2 {[%clk
1:31:59]} Bg7 {[%clk 1:33:01]} 7. O-O {[%clk 1:31:59]} Nge7 {[%clk 1:33:27]} 8.
a3 {[%clk 1:31:40]} O-O {[%clk 1:33:42]} 9. Rb1 {[%clk 1:31:33]} f5 {[%clk
1:26:26]} 10. b4 {[%clk 1:23:40]} b6 {[%clk 0:58:29]} 11. b5 {[%clk 1:13:19]}
Nd4 {[%clk 0:58:21]} 12. exf5 {[%clk 1:11:52]} Bxf5 {[%clk 0:56:19]} 13. Nxd4
{[%clk 1:02:36]} cxd4 {[%clk 0:56:32]} 14. Ne4 {[%clk 0:58:48]} Rc8 {[%clk
0:55:04]} 15. d3 {[%clk 0:57:20]} d5 {[%clk 0:53:56]} 16. cxd5 {[%clk 0:55:58]}
Nxd5 {[%clk 0:53:57]} 17. Qb3 {[%clk 0:55:44]} Kh8 {[%clk 0:44:44]} 18. Bd2
{[%clk 0:53:40]} Qd7 {[%clk 0:38:34]} 19. Rbc1 {[%clk 0:49:07]} h6 {[%clk
0:29:22]} 20. a4 {[%clk 0:28:19]} Be6 {[%clk 0:18:32]} 21. Bb4 {[%clk 0:22:52]}
Nf4 {[%clk 0:10:31]} 22. Qb2 {[%clk 0:22:06]} Nxd3 {[%clk 0:10:44]} 23. Qd2
{[%clk 0:18:52]} Nxb4 {[%clk 0:11:06]} 24. Qxb4 {[%clk 0:19:08]} Rxc1 {[%clk
0:10:33]} 25. Rxc1 {[%clk 0:17:57]} Rc8 {[%clk 0:10:51]} 26. Rxc8+ {[%clk
0:17:20]} Qxc8 {[%clk 0:11:14]} 27. Qd2 {[%clk 0:07:02]} Qc4 {[%clk 0:09:44]}
28. Nd6 Qc7 {[%clk 0:09:34]} 29. Ne8 {[%clk 0:04:52]} Qc5 {[%clk 0:09:03]} 30.
Be4 {[%clk 0:03:17]} Bf7 {[%clk 0:08:33]} 31. Bc6 {[%clk 0:02:47]} Qe7 {[%clk
0:08:22]} 32. Nxg7 {[%clk 0:03:04]} Kxg7 {[%clk 0:08:46]} 33. Qe2 {[%clk
0:02:55]} Qc5 {[%clk 0:07:47]} 34. h4 {[%clk 0:02:32]} Be6 {[%clk 0:06:20]} 35.
Kh2 {[%clk 0:01:23]} Bc4 {[%clk 0:02:45]} 36. Qd2 {[%clk 0:00:50]} Bb3 {[%clk
0:02:10]} 37. Qd3 {[%clk 0:00:41]} Bc2 {[%clk 0:01:03]} 38. Qe2 {[%clk
0:00:40]} d3 39. Qd2 Qd4 {[%clk 0:01:08]} 40. Be8 {[%clk 0:00:52]} Kh7 {[%clk
0:00:33]} 41. h5 {[%clk 0:27:55]} g5 {[%clk 0:24:24]} 42. Bg6+ {[%clk 0:26:56]}
Kg7 {[%clk 0:24:37]} 43. Kg2 {[%clk 0:22:32]} e4 {[%clk 0:18:13]} 44. a5 {[%clk
0:19:17]} Kf6 {[%clk 0:16:01]} 45. axb6 {[%clk 0:17:54]} axb6 {[%clk 0:16:24]}
46. Be8 {[%clk 0:15:05]} Ke7 {[%clk 0:15:03]} 47. Bc6 {[%clk 0:14:47]} Kd6
{[%clk 0:15:05]} 48. Kh2 {[%clk 0:13:46]} Kc5 {[%clk 0:15:19]} 49. Kg2 {[%clk
0:13:31]} Kc4 {[%clk 0:15:21]} 50. Be8 {[%clk 0:01:32]} Kb3 {[%clk 0:15:42]}
51. Bf7+ {[%clk 0:01:35]} Kb2 {[%clk 0:16:02]} 52. Kf1 {[%clk 0:01:38]} Qc3
{[%clk 0:16:22]} 53. Ke1 {[%clk 0:01:52]} Qd4 {[%clk 0:14:44]} 54. Be6 {[%clk
0:01:36]} Ka3 {[%clk 0:14:50]} 55. Qc1+ {[%clk 0:01:24]} Kb4 {[%clk 0:15:00]}
56. Qd2+ {[%clk 0:00:55]} Kxb5 {[%clk 0:15:21]} 0-1